| 000 | 00838cam a22002171 4500 | ||
|---|---|---|---|
| 001 | agr10001425 | ||
| 003 | DLC | ||
| 005 | 20260227110930.0 | ||
| 008 | 920722s1910 dcua u000 0 eng | ||
| 010 | _aagr10001425 | ||
| 035 | _a(OCoLC)28456937 | ||
| 040 |
_aDLC _cMdBJ _dDLC |
||
| 050 | 0 | 0 |
_aSB933 _b.U2 no. 82, pt. V |
| 100 | 1 |
_aMarch, Harold Oscar, _d1885-1919. |
|
| 245 | 0 | 0 |
_aSome insects injurious to truck crops. _bBiologic and economic notes on the yellow-bear caterpillar. [Diacrisia virginica Fab.] _cBy H. O. Marsh ... |
| 260 |
_aWashington, _bGovt. print. off., _c1910. |
||
| 300 |
_aiii p., 59-66 p. _billus. _c23 cm. |
||
| 490 | 1 |
_aU. S. Dept. of agriculture. Bureau of entomology. Bulletin _vno. 82, pt. V |
|
| 650 | 0 | _aYellow-bear caterpillar. | |
| 810 | 1 |
_aUnited States. _bBureau of Entomology. _tBulletin ; _vno. 82, pt. 5. |
|
| 999 |
_c7842 _d7842 |
||